Het gouden hoofd /

Hlavní autor: Topol, Jáchym, 1962-
Jazyk: Nizozemština
Vydáno: Amsterdam : Voetnoot, c2007
Edice: Moldaviet
Témata:
Fyzický popis: 75 s. ; 17 cm
Knihy
Uloženo v:
LEADER 00987nam a2200301 a 4500
001 000906597
003 CZ BrMZK
005 20110825095041.0
007 ta
008 080725s2007 ne g 000 f dut
020 |a 978-90-78068-16-7  |q (brož.) 
040 |a BOA001  |b cze 
041 1 |a dut  |h cze 
072 7 |a 821.162.3-3  |x Česká próza  |2 Konspekt  |9 25 
080 |a 821.162.3-3  |2 MRF 
080 |a (0:82-3)  |2 MRF 
100 1 |a Topol, Jáchym,  |d 1962-  |7 jn19990209928  |4 aut 
245 1 0 |a Het gouden hoofd /  |c Jáchym Topol ; uit het tsjechisch vertaald en van een nawoord voorzien door Edgar de Bruin 
260 |a Amsterdam :  |b Voetnoot,  |c c2007 
300 |a 75 s. ;  |c 17 cm 
490 1 |a Moldaviet ;  |v 1 
655 7 |a české prózy  |7 fd133972  |2 czenas 
765 0 |t Zlatá hlava  |9 Nizozemsky 
830 0 |a Moldaviet 
910 2 |a BOA001  |b M1-1206.662 
990 |a BK 
991 |b 200808 
996 7 |b 2610350312  |c M1-1206.662  |l MZK  |r Sklad / do 24 hodin  |n 0  |p dar  |w 001071046  |u 000010  |a 1  |e BOA001  |j MZK50  |s A